Construction Contracting: A Practical Guide to Company Management / (Record no. 616406)
[ view plain ]
| 000 -LEADER | |
|---|---|
| fixed length control field | 00420nam a22001457a 4500 |
| 020 ## - INTERNATIONAL STANDARD BOOK NUMBER | |
| Qualifying information | HB. |
| 040 ## - CATALOGING SOURCE | |
| Transcribing agency | FIZZA ISHAQ |
| 082 ## - DEWEY DECIMAL CLASSIFICATION NUMBER | |
| Classification number | 692.8 |
| Author Mark | RIC |
| 100 ## - MAIN ENTRY--PERSONAL NAME | |
| Personal name | Clough , Richard H. |
| 9 (RLIN) | 133451 |
| 245 ## - TITLE STATEMENT | |
| Title | Construction Contracting: A Practical Guide to Company Management / |
| Statement of responsibility, etc. | Richard H. Clough. |
| 250 ## - EDITION STATEMENT | |
| Edition statement | 8th ED. |
| 260 ## - PUBLICATION, DISTRIBUTION, ETC. | |
| Place of publication, distribution, etc. | New York: |
| Name of publisher, distributor, etc. | Wiley, |
| Date of publication, distribution, etc. | 2015. |
| 300 ## - PHYSICAL DESCRIPTION | |
| Extent | 684 P. ; |
| Dimensions | 7.8 x 1.5 x 9.4 inches |
| 942 ## - ADDED ENTRY ELEMENTS (KOHA) | |
| Source of classification or shelving scheme | |
| Koha item type | Book |
| Withdrawn status | Lost status | Source of classification or shelving scheme | Damaged status | Not for loan | Permanent Location | Current Location | Shelving location | Date acquired | Total Checkouts | Full call number | Barcode | Date last seen | Price effective from | Koha item type |
|---|---|---|---|---|---|---|---|---|---|---|---|---|---|---|
| NUST Baluchistan Campus (NBC) | NUST Baluchistan Campus (NBC) | General Stacks | 02/25/2026 | 692.8 RIC | Q-2143 | 02/25/2026 | 02/25/2026 | Book |
